[Event "Moscow op-B"]
[Site "Moscow"]
[Date "2009.02.06"]
[Round "7"]
[White "Nikologorskiy, Ioann"]
[Black "Petukhov, Nikolay"]
[Result "1/2-1/2"]
[WhiteElo "1400"]
[BlackElo "1843"]
[PlyCount "84"]
[EventDate "2009.01.31"]
[EventType "swiss"]
[EventRounds "9"]
[EventCountry "RUS"]
[SourceTitle "EXT 2012"]
[Source "ChessBase"]
[SourceDate "2011.11.24"]
[SourceVersion "1"]
[SourceVersionDate "2011.11.24"]
[SourceQuality "1"]

1. c4 c5 2. Nc3 g6 3. g3 Nc6 4. Bg2 Bg7 5. e4 e6 6. Nge2 Nge7 7. 0-0 0-0 8. d3 a6 9. f4 f5 10. e5 d6 11. exd6 Qxd6 12. Re1 Nb4 13. Be3 Bd4 14. Bxd4 cxd4 15. Nb1 Rb8 16. a3 Nbc6 17. Nd2 e5 18. fxe5 Nxe5 19. Nb3 N7c6 20. c5 Qd8 21. Nf4 Qg5 22. Qe2 Bd7 23. Qf2 Ng4 24. Qf3 Rbd8 25. Qd5+ Kg7 26. Nxd4 Nxd4 27. Qxd4+ Kh6 28. h4 Qf6 29. Qxf6 Nxf6 30. Bxb7 Bc8 31. Bg2 a5 32. Rac1 Nh5 33. Nxh5 Kxh5 34. Red1 Rd4 35. Bf3+ Kh6 36. c6 Rfd8 37. c7 Re8 38. Kf2 f4 39. g4 Re3 40. g5+ Kg7 41. Be4 Rh3 42. Rh1 Rg3 1/2-1/2